Loading...
Literature - British Literature | 2 | 2 | 0 | 0 | 50 | 66 | 83.50 | 1 | 3 |
Literature - European Literature | 0 | 4 | 0 | 2 | 40 | 76 | 113.50 | 1 | 1 |
Science - Biology | 0 | 4 | 0 | 2 | 40 | 70 | 107.00 | 1 | 3 |
Philosophy | 0 | 3 | 0 | 2 | 30 | 93 | 116.33 | 0 | 1 |
Visual Arts | 0 | 3 | 0 | 1 | 30 | 115 | 121.67 | 0 | 0 |
Social Science | 0 | 3 | 0 | 3 | 30 | 111 | 119.33 | 0 | 1 |
Science - Other Science | 0 | 3 | 1 | 2 | 25 | 127 | 127.67 | 0 | 1 |
History - Ancient History | 0 | 2 | 0 | 2 | 20 | 130 | 132.00 | 0 | 1 |
Literature - American Literature | 0 | 2 | 0 | 0 | 20 | 125 | 125.50 | 0 | 1 |
Literature - World Literature | 0 | 1 | 0 | 0 | 10 | 80 | 80.00 | 0 | 0 |
Beliefs | 0 | 1 | 0 | 0 | 10 | 106 | 106.00 | 0 | 0 |
Fine Arts - Other Arts | 0 | 1 | 0 | 0 | 10 | 118 | 118.00 | 1 | 1 |
Science - Chemistry | 0 | 1 | 0 | 0 | 10 | 119 | 119.00 | 0 | 1 |
Science - Physics | 0 | 1 | 0 | 1 | 10 | 130 | 130.00 | 0 | 0 |
Auditory Arts | 0 | 0 | 0 | 0 | 0 | 0.00 | 0 | 0 | |
Geography | 0 | 0 | 0 | 0 | 0 | 0.00 | 0 | 0 |